Control system design guide : a practical guide /
Control System Design Guide, 3E will help engineers to apply control theory to practical systems using their PC. This book provides an intuitive approach to controls, avoiding unnecessary mathematics and emphasizing key concepts with more than a dozen control system models. Whether readers are just...
| Main Author: | |
|---|---|
| Format: | eBook |
| Language: | English |
| Published: |
Amsterdam ; Boston :
Elsevier Academic Press,
[2004]
|
| Edition: | 3rd ed. |
| Subjects: | |
| Online Access: | Connect to the full text of this electronic book Publisher description Table of contents |
MARC
| Tag | First Indicator | Second Indicator | Subfields |
|---|---|---|---|
| LEADER | 00000cam a2200000Ia 4500 | ||
| 001 | in00002425395 | ||
| 005 | 20190327171547.0 | ||
| 006 | m d | ||
| 007 | cr cn||||||||| | ||
| 008 | 070806s2004 ne a sb 001 0 eng d | ||
| 020 | |a 9780122374616 | ||
| 020 | |a 0122374614 | ||
| 035 | |a (OCoLC)ocn162572127 | ||
| 035 | |a (OCoLC)162572127 | ||
| 037 | |a 101898:101914 |b Elsevier Science & Technology |n http://www.sciencedirect.com | ||
| 040 | |a OPELS |c OPELS |d UtOrBLW | ||
| 049 | |a TEFA | ||
| 050 | 1 | 4 | |a TJ213 |b .E5625 2004eb |
| 082 | 0 | 4 | |a 629.8/3 |2 22 |
| 100 | 1 | |a Ellis, George |q (George H.) | |
| 245 | 1 | 0 | |a Control system design guide : |b a practical guide / |c George Ellis. |
| 250 | |a 3rd ed. | ||
| 264 | 1 | |a Amsterdam ; |a Boston : |b Elsevier Academic Press, |c [2004] | |
| 264 | 4 | |c ©2004 | |
| 300 | |a xxiv, 464 pages : |b illustrations ; |c 24 cm. | ||
| 336 | |a text |b txt |2 rdacontent | ||
| 337 | |a computer |b c |2 rdamedia | ||
| 338 | |a online resource |b cr |2 rdacarrier | ||
| 533 | |a Electronic reproduction. |b Amsterdam : |c Elsevier Science & Technology, |d 2007. |n Mode of access: World Wide Web. |n System requirements: Web browser. |n Title from title screen (viewed on Aug. 2, 2007). |n Access may be restricted to users at subscribing institutions. | ||
| 520 | |a Control System Design Guide, 3E will help engineers to apply control theory to practical systems using their PC. This book provides an intuitive approach to controls, avoiding unnecessary mathematics and emphasizing key concepts with more than a dozen control system models. Whether readers are just starting to use controllers or have years of experience, this book will help them improve their machines and processes. * Teaches controls with an intuitive approach, avoiding unnecessary mathematics. * Key topics are demonstrated with realistic models of control systems. * All models written in Visual ModelQ, a full graphical simulation environment available freely via the internet. * New material on OBSERVERS explained using practical applications. * Explains how to model machines and processes, including how to measure working equipment; describes many nonlinear behaviours seen in industrial control systems. * Electronic motion control, including details of how motors and motor feedback devices work, causes and cures of mechanical resonance, and how position loops work. | ||
| 505 | 0 | |a Introduction to Controls; The Frequency Domain; Tuning a Control System; Delay in Digital Controllers; The z-Domain; Six Types of Controllers; Disturbance Response; Feed-Forward; Filters in Control Systems; Introduction to Observers in Control Systems; Introduction to Modeling; Nonlinear Behavior and Time Variation; Seven Steps to Developing a Model; Encoders and Resolvers; Basics of the Electric Servomotor and Drive; Compliance and Resonance; Position-Control Loops; Using the Luenberger Observer in Motion Control. Appendices: Active Analog Implementation of Controller Elements; European Symbols for Block Diagrams; The Runge-Kutta Method; Development of the Bilinear Transformation; The Parallel Form of Digital Algorithms; Basic Matrix Math. | |
| 504 | |a Includes bibliographical references and index. | ||
| 500 | |a Electronic resource. | ||
| 650 | 0 | |a Automatic control. | |
| 650 | 0 | |a System design. | |
| 650 | 6 | |a Commande automatique. | |
| 650 | 6 | |a Systèmes, Conception de. | |
| 655 | 7 | |a Electronic books. |2 local | |
| 730 | 0 | |a Referex. | |
| 776 | 1 | |c Original |z 0122374614 |z 9780122374616 |w (DLC) 2003023742 |w (OCoLC)53331659 | |
| 856 | 4 | 0 | |u http://proxy.library.tamu.edu/login?url=http://www.sciencedirect.com/science/book/9780122374616 |z Connect to the full text of this electronic book |t 0 |
| 856 | 4 | 2 | |3 Publisher description |u http://www.loc.gov/catdir/description/els041/2003023742.html |t 0 |
| 856 | 4 | 2 | |3 Table of contents |u http://www.loc.gov/catdir/toc/ecip0410/2003023742.html |t 0 |
| 994 | |a C0 |b TEF | ||
| 999 | |a MARS | ||
| 999 | f | f | |s 7066ca0b-a727-3811-b3e8-042c2d2842bc |i 493e2d8d-d447-35d4-bed0-fd4fcb997859 |t 0 |
| 952 | f | f | |a Texas A&M University |b College Station |c Electronic Resources |d Available Online |t 0 |e TJ213 .E5625 2004eb |h Library of Congress classification |
| 998 | f | f | |a TJ213 .E5625 2004eb |t 0 |l Available Online |